Blackboard Blitz: NBA Teams Quiz Stats

 Plays Quiz Updated Nov 17, 2017

Challenge
Share
Tweet
Score 0/13 Timer 01:00
19 Plays Today
% Correct
Bruins
96.3%
Astros
95.3%
Reds
95.2%
Cardinals
94.3%
Falcons
94.3%
Dolphins
94.1%
Broncos
93.8%
Oilers
93.6%
Lightning
92.8%
Padres
92.6%
Canucks
91.4%
Rangers
91.4%
Royals
89.5%

You're not logged in!

Compare scores with friends on all Sporcle quizzes.
OR
Log In

You Might Also Like...

Show Comments

Extras

Top Quizzes Today


Score Distribution

Your Account Isn't Verified!

In order to create a playlist on Sporcle, you need to verify the email address you used during registration. Go to your Sporcle Settings to finish the process.

Report this User

Report this user for behavior that violates our Community Guidelines.

Details: